Business result: Pre - Intermediate: Teacher's book
Sách dành cho giáo viên. Cung cấp đáp án cho các hoạt động và bài tập ở sách học viên. Đưa ra các gợi ý và hướng dẫn giúp người dạy thiết kế các hoạt động tốt hơn. Kèm theo các bài kiểm tra tiến độ giáo viên tham khảo.
Đã lưu trong:
| Tác giả chính: | |
|---|---|
| Định dạng: | Sách |
| Năm xuất bản: |
Anh
Oxford University
2009
|
| Chủ đề: | |
| Tags: |
Thêm thẻ
Không có thẻ, Hãy là người đầu tiên gắn thẻ bản ghi này!
|
| LEADER | 01206nam a2200205 4500 | ||
|---|---|---|---|
| 999 | |c 4472 |d 4472 | ||
| 082 | |a 428.0071 |b B100R | ||
| 100 | |a Bartram, Mark | ||
| 245 | |a Business result: Pre - Intermediate: Teacher's book |c Mark Bartram | ||
| 260 | |a Anh |b Oxford University |c 2009 | ||
| 300 | |a 136 tr. |c 28 cm | ||
| 520 | |a Sách dành cho giáo viên. Cung cấp đáp án cho các hoạt động và bài tập ở sách học viên. Đưa ra các gợi ý và hướng dẫn giúp người dạy thiết kế các hoạt động tốt hơn. Kèm theo các bài kiểm tra tiến độ giáo viên tham khảo. | ||
| 653 | |a Ngôn ngữ | ||
| 653 | |a Tiếng Anh | ||
| 653 | |a Thương mại | ||
| 653 | |a Sách giáo viên | ||
| 942 | |2 ddc |c STK0 | ||
| 952 | |0 0 |1 0 |2 ddc |4 0 |6 428_007100000000000_B100R |7 0 |8 400 |9 43730 |a qbu |b qbu |c D4 |d 2014-12-19 |g 295000 |o 428.0071 B100R |p 2748.c1 |r 0000-00-00 |w 2014-12-19 |y STK0 | ||
| 952 | |0 0 |1 0 |2 ddc |4 0 |6 428_007100000000000_B100R |7 0 |8 400 |9 43731 |a qbu |b qbu |c D4 |d 2014-12-19 |g 295000 |o 428.0071 B100R |p 2748.c2 |r 0000-00-00 |w 2014-12-19 |y STK0 | ||
| 952 | |0 0 |1 0 |2 ddc |4 0 |6 428_007100000000000_B100R |7 0 |8 400 |9 108571 |a qbu |b qbu |c D4 |d 2016-11-07 |g 295000 |o 428.0071 B100R |p 2748.c3 |r 0000-00-00 |w 2016-11-07 |y STK0 | ||